<?xml version="1.0" encoding="UTF-8"?>
<record
    xmlns:xsi="http://www.w3.org/2001/XMLSchema-instance"
    xsi:schemaLocation="http://www.loc.gov/MARC21/slim http://www.loc.gov/standards/marcxml/schema/MARC21slim.xsd"
    xmlns="http://www.loc.gov/MARC21/slim">

  <leader>01256nam a22002417a 4500</leader>
  <datafield tag="999" ind1=" " ind2=" ">
    <subfield code="c">22170</subfield>
    <subfield code="d">22170</subfield>
  </datafield>
  <controlfield tag="003">AR-CdUCM</controlfield>
  <controlfield tag="008">190425b           ||||| |||| 00| 0 spa d</controlfield>
  <datafield tag="040" ind1=" " ind2=" ">
    <subfield code="a">MUNICIPALIDAD PROVINCIAL DEL CUSCO</subfield>
    <subfield code="c">BIBLIOTECA MUNICIPAL DEL CUSCO</subfield>
  </datafield>
  <datafield tag="082" ind1=" " ind2=" ">
    <subfield code="a">Oropesa/N&#xB0;56/2005</subfield>
  </datafield>
  <datafield tag="245" ind1=" " ind2=" ">
    <subfield code="a">Oropesa :</subfield>
    <subfield code="b">revista de cultura y educaci&#xF3;n de opini&#xF3;n y cr&#xED;tica /</subfield>
    <subfield code="c">Am&#xE9;rico Valer Vargas, Director</subfield>
  </datafield>
  <datafield tag="260" ind1=" " ind2=" ">
    <subfield code="a">Cusco.</subfield>
    <subfield code="b">Pantigozo,</subfield>
    <subfield code="c">2005.</subfield>
  </datafield>
  <datafield tag="300" ind1=" " ind2=" ">
    <subfield code="a">22 p&#xE1;ginas. :</subfield>
    <subfield code="b">ilustraciones ;</subfield>
    <subfield code="c">30 cm.</subfield>
  </datafield>
  <datafield tag="440" ind1=" " ind2=" ">
    <subfield code="a">Oropesa.</subfield>
    <subfield code="n">A&#xF1;o XXIV, N&#xB0;LVI, diciembre 2005.</subfield>
    <subfield code="9">47589</subfield>
  </datafield>
  <datafield tag="505" ind1=" " ind2=" ">
    <subfield code="a">Contenido: Fue inaugurado el centro recreacional magisterial Wanakawri. -- Sabemos afrontar los sismos. -- La democracia en Latinoam&#xE9;rica. -- Luis E. Valc&#xE1;rcel y la gesti&#xF3;n publica del patrimonio cultural del Per&#xFA;. -- INC continuismo o nuevo rumbo. -- Aspectos ambientales del parque arqueol&#xF3;gico de Saqsaywaman. Eduardo Gil Mora. -- Tradicional Feria del Santuranticuy cuaque&#xF1;o. Rafael Villasante Colpaert.</subfield>
  </datafield>
  <datafield tag="650" ind1=" " ind2=" ">
    <subfield code="a">Pol&#xED;tica cusque&#xF1;a</subfield>
    <subfield code="9">47381</subfield>
  </datafield>
  <datafield tag="650" ind1=" " ind2=" ">
    <subfield code="a">Cultura andina</subfield>
    <subfield code="9">47570</subfield>
  </datafield>
  <datafield tag="650" ind1=" " ind2=" ">
    <subfield code="a">Sociedad cusque&#xF1;a</subfield>
    <subfield code="9">47493</subfield>
  </datafield>
  <datafield tag="650" ind1=" " ind2=" ">
    <subfield code="a">Siglo XX</subfield>
    <subfield code="9">47561</subfield>
  </datafield>
  <datafield tag="700" ind1=" " ind2=" ">
    <subfield code="a">Villasante Colpaert, Rafael</subfield>
    <subfield code="9">47590</subfield>
  </datafield>
  <datafield tag="700" ind1=" " ind2=" ">
    <subfield code="a">Mould de Pease, Mariana</subfield>
    <subfield code="9">7113</subfield>
  </datafield>
  <datafield tag="942" ind1=" " ind2=" ">
    <subfield code="2">ddc</subfield>
    <subfield code="c">PP</subfield>
  </datafield>
  <datafield tag="945" ind1=" " ind2=" ">
    <subfield code="a">rac</subfield>
  </datafield>
  <datafield tag="952" ind1=" " ind2=" ">
    <subfield code="0">0</subfield>
    <subfield code="2">ddc</subfield>
    <subfield code="4">0</subfield>
    <subfield code="7">0</subfield>
    <subfield code="a">HEM</subfield>
    <subfield code="b">HEM</subfield>
    <subfield code="c">CART</subfield>
    <subfield code="d">2022-03-17</subfield>
    <subfield code="g">5.00</subfield>
    <subfield code="o">Oropesa/N&#xB0;56/2005</subfield>
    <subfield code="p">REVC000768</subfield>
    <subfield code="r">2022-03-17</subfield>
    <subfield code="y">PP</subfield>
  </datafield>
</record>
